000
00248nam a2200097Ia 4500
001
684954
005
20250826161508.0
008
250824s9999 xx 000 0 und d
245
0
_a
SULTANI ÖLDÜRMEK/A.ÜMİT/EVEREST
_c
AHMET ÜMİT
260
_b
EVEREST
999
_c
684954
_d
684954